Letecká doprava I. /

Hlavní autor: Žihla, Zdeněk
Jazyk: Čeština
Vydáno: V Praze : Vysoká škola obchodní, 2007
Vydání: 1. vyd.
Témata:
Externí odkaz: Digitalizovaný dokument
Fyzický popis: 158 s. : il. ; 30 cm
Knihy
Uloženo v:
LEADER 01625nam a2200445 a 4500
001 nkc20071716604
003 CZ PrNK
005 20090224074334.0
007 ta
008 070419s2007 xr a e p 000 0 cze
015 |a cnb001716604 
020 |a 978-80-86841-04-5  |q (brož.)  |z 80-86841-04-9  |z 80-86841-049 
035 |a (OCoLC)186971933 
040 |a OLA001  |b cze  |d BOA001  |d ABA001 
072 7 |a 656.6/.7  |x Vodní a letecká doprava  |2 Konspekt  |9 4 
072 7 |a 37.016  |x Učební osnovy. Vyučovací předměty. Učebnice  |2 Konspekt  |9 22 
080 |a 656.7  |2 MRF 
080 |a 629.734/.735:656  |2 MRF 
080 |a (075.8)  |2 MRF 
100 1 |a Žihla, Zdeněk  |7 mzk2004213918  |4 aut 
245 1 0 |a Letecká doprava I. /  |c Zdeněk Žihla a kol. 
250 |a 1. vyd. 
260 |a V Praze :  |b Vysoká škola obchodní,  |c 2007 
300 |a 158 s. :  |b il. ;  |c 30 cm 
500 |a 100 výt. 
504 |a Obsahuje bibliografie 
521 8 |a Určeno pro studenty VŠO 
650 0 7 |a letecká doprava  |7 ph115126  |2 czenas 
650 0 7 |a dopravní letadla  |7 ph119571  |2 czenas 
650 0 9 |a air transportation  |2 eczenas 
650 0 9 |a transport planes  |2 eczenas 
655 7 |a učebnice vysokých škol  |7 fd133772  |2 czenas 
655 9 |a textbooks (higher)  |2 eczenas 
856 4 1 |u http://www.digitalniknihovna.cz/mzk/uuid/uuid:a97bfde0-1188-11e8-bdb0-005056827e51  |y Digitalizovaný dokument  |x NDK 
910 2 |a BOA001  |b 3-1185.908 
928 9 |a Vysoká škola obchodní v Praze 
990 |a BK 
995 |a 01 
991 |b 200705  |c NOV 
996 6 |b 2610308441  |c 3-1185.908  |l MZK  |r Sklad / do 1 hodiny  |n 6  |p p.v.  |w 000848965  |u 000010  |a 1  |e BOA001  |j MZK50  |s P